|
|
|
|
| LEADER |
01557nem a22003852a 4500 |
| 001 |
mzk03001065683 |
| 003 |
CZ BrMZK |
| 005 |
20081006130713.0 |
| 007 |
aj|aa||| |
| 008 |
080910s1760 au ij|||||a|||r|0|||latod |
| 034 |
0 |
|
|a a
|d E0132252
|e E0141407
|f N0493138
|g N0485822
|
| 040 |
|
|
|a BOA001
|b cze
|
| 043 |
|
|
|a e-xr---
|a e-xr-jc
|
| 072 |
|
7 |
|a 912:904
|x Staré mapy
|2 Konspekt
|9 7
|
| 080 |
|
|
|a (084.3)
|2 MRF
|
| 080 |
|
|
|a (437.319)
|2 MRF
|
| 100 |
1 |
|
|a Winkler, Carl
|4 aut
|
| 245 |
1 |
0 |
|a C. Provincia Prachinensis
|h [kartografický dokument] :
|b Ad pag. 97 /
|c C. Winkler Sc.
|
| 255 |
|
|
|a Měřítko neuvedeno
|c (013°22´52" v.d.--014°14´07" v.d./049°31´38" s.š.--048°58´22" s.š.)
|
| 260 |
|
|
|a [Wien :
|b Typ. Jos. Kurtzböck,
|c 1760]
|
| 300 |
|
|
|a 1 mapa :
|b mědirytina ;
|c 43,4 x 39,2 cm na listu 49,4 x 41,3 cm
|
| 500 |
|
|
|a Příloha Erberovy knihy: Notitia illustris regni Bohemiae
|
| 500 |
|
|
|a Výzdoba: V levém horním rohu název umístěný do krajiny a obklopený alegorickými postavami, v mapovém rámci geografické souřadnice, souřadnicová síť
|
| 510 |
4 |
|
|a Roubík, F. Soupis map českých zemí,
|c I, č. 922
|
| 655 |
|
7 |
|a historické mapy
|7 fd186723
|2 czenas
|
| 651 |
|
7 |
|a Prácheňsko (Česko)
|7 ge134443
|2 czenas
|
| 700 |
1 |
|
|a Bernard, Auguste
|4 aut
|
| 856 |
4 |
1 |
|u http://mapy.mzk.cz/mzk03/001/065/683/2610355779
|y Digitalizovaný dokument
|
| 903 |
|
|
|a RP
|
| 910 |
|
|
|a BOA001
|b STMpa-1211.595
|
| 978 |
|
|
|b Kurzböck, Josef von
|a Wien
|c 1760
|
| 984 |
|
|
|a Vídeň
|b Rakousko
|
| 985 |
|
|
|a 1751-1800
|
| 990 |
|
|
|a MP
|
| 991 |
|
|
|k mzk
|